| 000 | 00380nam a22001457a 4500 | ||
|---|---|---|---|
| 020 | _qHB. | ||
| 040 | _cFIZZA ISHAQ | ||
| 082 |
_a690 _bFRE |
||
| 100 |
_aJOYCE,NANCY GOULD FREDERICK. _991054 |
||
| 245 |
_aCONSTRUCTION PROJECT MANAGEMENT / _cFREDERICK GOULD NANCY JOYCE. |
||
| 250 | _a4th ED. | ||
| 260 |
_aNEW YORK ; _bPEARSON, _c2014. |
||
| 300 | _a361 P. ; | ||
| 942 |
_2ddc _cBK |
||
| 999 |
_c589240 _d589240 |
||